| 000 | 00638nam a2200193Ia 4500 | ||
|---|---|---|---|
| 003 | IN-BaIIA | ||
| 008 | 211028s9999 xx 000 0 eng d | ||
| 040 | _cIIA Library | ||
| 080 |
_a083.7:69.003.12 _bISI |
||
| 110 | _aIndian Standards Institution | ||
| 245 | 0 |
_aIndian standard method of measurement of building and civil engineering works _bpt. 2, concrete works _cIndian Standards Institution |
|
| 260 |
_aNew Delhi _bIndian Standards Institution _c1975 |
||
| 300 | _a13p. | ||
| 500 | _aIS 1200 : Part 2 : 1974 | ||
| 650 |
_a Concrete Works-Standards _98885 |
||
| 650 | _a Standards | ||
| 650 | _aNASA Thesaurus | ||
| 942 | _cBK | ||
| 999 |
_c4977 _d4977 |
||